Mario Kart DS Charaktere - Statistiken

Allgemein
  • Dieses Quiz wurde 177 mal gespielt
  • Das Durchschnittsergebnis liegt bei 11 aus 13
Antwortstatistiken
Charakter % Korrekt
Mario
100%
Luigi
99%
Peach
99%
Bowser
96%
Yoshi
93%
Waluigi
88%
Wario
88%
Daisy
85%
Donkey Kong
84%
Toad
81%
Knochentrocken
65%
Shy Guy
49%
ROB
46%
Keine übereinstimmenden Quizze gefunden
Verteilung der Resultate
Anzahl Personen mit jedem Resultat
Perzentil nach korrekt beantworteten Fragen
Ihre Resultats-Entwicklung
Sie haben dieses Quiz noch nicht gespielt